000 00302nam a22001337a 4500
008 180316b xxu||||| |||| 00| 0 eng d
020 _a9780071488488
041 _aeng
080 _22nd
_a37
100 _a25
101 _aEDU
245 _aWriting great research papers
_cRozakis,L
942 _2udc
_cBK
999 _c45223
_d45223